|
|
|
|
| LEADER |
00935nam a22002051a 4500 |
| 020 |
|
|
|a 9788120835122
|
| 082 |
|
|
|a 181.403
|b PIO/E.2
|
| 100 |
|
|
|a Piotr Balcerowicz (ed.)
|9 44850
|
| 245 |
|
|
|a Encyclopaedia of Indian Philosophies:
|b v.14: jain philosophy (part 2)/
|c edited by Piotr Balcerowicz and Karl H Potter.
|
| 250 |
|
|
|a 1st
|
| 260 |
|
|
|a New Delhi:
|b Motilal Banarsidass,
|c 2014.
|
| 300 |
|
|
|a 683p.
|
| 650 |
|
|
|a Encyclopaedia Philosophy
|9 44851
|
| 650 |
|
|
|a Philosophy
|z India
|9 44852
|
| 650 |
|
|
|a Philosophy Jainism
|9 44853
|
| 700 |
|
|
|a Karl H Potter (ed.)
|9 44854
|
| 942 |
|
|
|c BK
|
| 999 |
|
|
|c 64336
|d 64336
|
| 952 |
|
|
|0 0
|1 0
|4 0
|6 181_403000000000000_PIO_E_2
|7 0
|9 85828
|a SSUS
|b SSUS
|c STACKS
|d 2017-02-15
|g 1500.00
|l 1
|o 181.403 PIO/E.2
|p 083628
|r 2019-05-04
|s 2019-04-24
|w 2017-02-15
|y BK
|
| 952 |
|
|
|0 0
|1 0
|4 0
|6 181_403000000000000_PIO_E_2
|7 0
|9 85829
|a SSUS
|b SSUS
|c STACKS
|d 2017-02-15
|g 1500.00
|l 1
|o 181.403 PIO/E.2
|p 083626
|r 2019-09-20
|s 2019-06-18
|w 2017-02-15
|y BK
|